00332nam a2200097Ia 4500245001900000100004700019942000700066008004100073999001900114952010100133 0aBroken flower  a ANDREWS, Virginia London, 2009 923400 cBK210818s9999 xx 000 0 und d c452744d452742 00102ddc40708FaVOLKLbVOLKLcFICd2026-06-09l0p33228019005238r2026-06-09w2026-06-09yBK